Bilecik Bilecik Bilecik Bilecik Bilecik

Finans matematiği/ (Record no. 52271)

MARC details
000 -BAŞLIK
Sabit Uzunluktaki Kontrol Alanı 00902nam a22003257a 4500
001 - KONTROL NUMARASI
Control Dosyası 0052454
003 - KONTROL NUMARASI KİMLİĞİ
Kontrol Alanı KOHA_MİRAKIL
005 - EN SON İŞLEM TARİHİ ve ZAMANI
Kontrol Alanı 20260207003843.0
007 - FİZİKSEL TANIM SABİT ALAN - GENEL BİLGİ
Sabit uzunluklu kontrol alanı ta
008 - SABİT UZUNLUKTAKİ VERİ ÖGELERİ - GENEL BİLGİ
Sabit Alan 150629b2014 tu |||gr||||#0|||0|tur |
020 ## - ISBN - ULUSLARARASI STANDART KİTAP NUMARASI
Isbn 9789944223881
040 ## - KATALOGLAMA KAYNAĞI
Özgün Kataloglama Kurumu TR-BiSEU
Kataloglama Dili tur
Çeviri Kurumu TR-BiSEU
Açıklama Kuralları rda
041 0# - DİL KODU
Metin ya da ses kaydının dil kodu tur
044 ## - YAYINLAYAN/ÜRETEN KURULUŞUN ÜLKE KODU
ISO country code tu
050 ## - SINIFLAMA ve YER NUMARASI
Sınıflama Numarası HF5691
Yer Numarası .A93 2005
100 1# - KİŞİ ADI
Yazar Adı (Kişi adı) Aydın, Nurhan.
245 1# - ESER ADI BİLDİRİMİ
Başlık Finans matematiği/
Sorumluluk Bildirimi Nurhan Aydın ; Nurhan Aydın.
250 ## - BASIM BİLDİRİMİ
Basım Bildirimi 2. Baskı
264 #1 - ÜRERİM, YAYIN, DAĞITIM ve TELİF BİLDİRİMİ
Yayın yeri Ankara :
Yayınlayan Detay Yayıncılık
Yayın tarihi 2014
300 ## - FİZİKSEL TANIMLAMA
Sayfa, Cilt vb. XII, 204 sayfa ;
Boyutları 24 cm.
336 ## - İÇERİK TÜRÜ
Content type term metin
Content type code txt
Source rdacontent
337 ## - MEDYA TÜRÜ
Media type term aracısız
Media type code n
Source rdamedia
338 ## - TAŞIYICI TÜRÜ
Carrier type term cilt
Carrier type code nc
Source rdacarrier
490 1# - DİZİ BİLDİRİMİ
Dizi Bildirimi Detay Yayınları ;
Cilt Numarası 281.
500 ## - GENEL NOT
Genel Not Kaynakça var.
650 #0 - KONU BAŞLIĞI EK GİRİŞ - KONU TERİMİ
Konusal terim veya coğrafi ad Ticari matematik.
9 (RLIN) 1874
830 1# - SERİ EK GİRİŞİ - TEKBİÇİM ESER ADI
Tekbiçim Başlık Detay Yayınları ;
Volume number/sequential designation 281.
9 (RLIN) 1914
907 ## - LOCAL DATA ELEMENT G, LDG (RLIN)
a Ders Kitabı
942 ## - EK GİRİŞ ÖGELERİ (KOHA)
Source of classification or shelving scheme Library of Congress Classification
Koha item type Book
Holdings
Materyal Türü Kalıcı Konum Mevcut Konum Raf Yeri Sınıflandırma Kaynağı Edinim Bilgisi Ana Konular Alt Konular Yer Numarası Demirbaş Numarası Fatura Tarihi Maliyet, Alış Fiyatı Maliyet, Yenileme Fiyatı Geri Çekilme Durumu Kayıp Durumu Hasarlı Durumu Kredi için değil Kayıt Tarih Toplam Ödünçverme Son Görülme Tarihi Son Kontrol Tarihi Satın Alma Notu
Book Prof. Dr. Azmi Özcan Kütüphanesi Prof. Dr. Azmi Özcan Kütüphanesi Uluğbey Salonu Library of Congress Classification Satın SOSYAL BİLİMLER Ticaret HF5691 .A93 2005 0052454 07/07/2015 9.00 9.00         29/06/2015 5 05/12/2024 05/12/2024 B-984687 - B-984797